Davis's Comprehensive Handbook of Laboratory and Diagnostic Tests (Record no. 158045)

MARC details
000 -LEADER
fixed length control field 00440nam a2200145Ia 4500
008 - FIXED-LENGTH DATA ELEMENTS--GENERAL INFORMATION
fixed length control field 230411s9999 xx 000 0 und d
020 ## - INTERNATIONAL STANDARD BOOK NUMBER
International Standard Book Number 978-93-5152-871-5
041 ## - LANGUAGE CODE
Language code of text/sound track or separate title eng
082 ## - DEWEY DECIMAL CLASSIFICATION NUMBER
Classification number F/610.7361/LEE/B08228
100 ## - MAIN ENTRY--PERSONAL NAME
Personal name Leeuwen Anne & Bladh Mickey
9 (RLIN) 179859
245 ## - TITLE STATEMENT
Title Davis's Comprehensive Handbook of Laboratory and Diagnostic Tests
260 ## - PUBLICATION, DISTRIBUTION, ETC. (IMPRINT)
Name of publisher, distributor, etc. F A Davis Company
Place of publication, distribution, etc. New Delhi
Date of publication, distribution, etc. 2015
300 ## - PHYSICAL DESCRIPTION
Extent 1786p
Holdings
Withdrawn status Lost status Damaged status Not for loan Collection code Home library Current library Date acquired Vendor Cost, normal purchase price Bill number Total Checkouts Full call number Barcode Date last seen Date last checked out Cost, replacement price Bill Date Koha item type Original Barcode
          Smt. Bakul Tambat Institute of Nursing Education Smt. Bakul Tambat Institute of Nursing Education 13/05/2016 Jaypee Brothers Medical Publishers 1550.00 11 1 F 610.7361 LEE B08228 BTIN-BK-8228 06/02/2024 30/01/2024 1116.00 13/05/2016 Books B08228